Statistics for Least Obese Countries Bordering Each Other

Click here to take the quiz!

General Stats

  • This quiz has been taken 96 times
    (49 since last reset)
  • The average score is 16 of 23

Answer Stats

Country % Correct
China
98%
India
96%
Vietnam
93%
Cambodia
93%
Laos
91%
Nepal
89%
Myanmar
89%
Bangladesh
87%
Bhutan
82%
North Korea
73%
South Korea
73%
Indonesia
71%
Niger
67%
Kenya
60%
Chad
60%
Ethiopia
58%
Sri Lanka
58%
East Timor
56%
Eritrea
47%
Burkina Faso
42%
Rwanda
40%
Uganda
40%
Burundi
38%

Score Distribution

Percentile by Number Answered

Percent of People with Each Score

Your Score History

You have not taken this quiz since the last reset